[Event "45th Olympiad Budapest 2024"]
[Site "Budapest"]
[Date "2024.09.19"]
[Round "8"]
[Board "3"]
[White "Pichot, Alan"]
[Black "Thybo, Jesper Sondergaard"]
[Result "1-0"]
[WhiteElo "2628"]
[BlackElo "2555"]
[PlyCount "95"]
[EventDate "2024.09.11"]
[EventType "team-tourn"]
[EventRounds "11"]
[EventCountry "HUN"]
[WhiteTeam "Spain"]
[BlackTeam "Denmark"]
[WhiteTeamCountry "ESP"]
[BlackTeamCountry "DEN"]

1. e4 e5 2. Nf3 Nc6 3. Bc4 Bc5 4. c3 Nf6 5. d3 d6 6. b4 Bb6 7. a4 a5 8. b5 Ne7 9. Nbd2 O-O 10. O-O Ng6 11. d4 h6 ({RR} 11... Bg4 12. Qc2 Qd7 13. Re1 Rfe8 14. h3 Bxf3 15. Nxf3 exd4 16. Bb2 dxc3 17. Bxc3 Ne5 18. Nxe5 dxe5 19. Rad1 Qe7 20. Rd3 Red8 21. Rf3 Rd7 22. Rf5 Bd4 23. Bd2 c6 24. bxc6 bxc6 25. Bg5 Rb8 26. Bxf6 {0-1 Caruana,F (2793)-Firouzja,A (2751) 11th Sinquefield Cup 2024 (1.1)}) 12. Re1 Re8 13. Bb2 $146 ({RR} 13. Ba3 exd4 14. Qb3 d5 15. exd5 dxc3 16. Rxe8+ Qxe8 17. Re1 Qxe1+ 18. Nxe1 cxd2 19. Nf3 Ne4 20. d6 Nxf2 21. Bxf7+ Kh8 22. Nxd2 Ne4+ 23. Kh1 Nf2+ 24. Kg1 Ne4+ 25. Kh1 Nf2+ 26. Kg1 {½-½ Caruana,F (2764)-Giri,A (2768) Superbet Classic 2023 (8.1)}) ({RR} 13. Qb3 Be6 14. Bxe6 Rxe6 15. d5 Re8 16. Nc4 Bc5 17. Qc2 Ng4 18. Ne3 Nxe3 19. Bxe3 Bxe3 20. Rxe3 b6 21. g3 Qd7 22. Ne1 Rf8 23. Rf3 Ne7 24. Ng2 f5 25. Nh4 f4 26. Kh1 g5 27. Ng2 Ng6 {0-1 Aadit,B (2185)-Hakobyan,A (2619) Titled Tue 5th Mar Early 2024 (1)}) ({RR} 13. h3 c6 14. Bd3 Bc7 15. Ba3 Nh5 16. Bf1 Nhf4 17. Nc4 Be6 18. b6 Bb8 19. dxe5 Bxc4 20. Bxc4 Nxe5 21. Nxe5 Rxe5 22. Qf3 d5 23. Qxf4 Rxe4 24. Qf5 g6 25. Qf3 Rxc4 26. Re7 Rf4 27. Qe3 Re4 {½-½ Caruana,F (2795)-Sevian,S (2696) Saint Louis Rapid 2023 (7.4)}) 13... c6 14. h3 exd4 15. cxd4 d5 16. e5 Nd7 17. Bd3 Nf4 18. Bf1 c5 19. Rc1 c4 20. g3 Ng6 21. Nb1 Ndf8 22. Nc3 Bf5 23. Ba3 Qd7 24. Kh2 Bd8 25. Bxf8 Rxf8 26. Bg2 Be7 27. Nd2 Ba3 28. Nxd5 Bxc1 29. Qxc1 Be6 30. Nb6 Qxd4 31. Nxa8 Rxa8 32. f4 c3 33. Ne4 Qxa4 34. Nxc3 Qd4 35. Rd1 Qb6 36. Rd6 Qc5 37. Qd2 Rc8 38. Bxb7 Rb8 39. Be4 Nf8 40. Qd4 Qxd4 41. Rxd4 Bb3 42. Rd6 Ne6 43. b6 Nc5 44. Bf3 a4 45. Rc6 Nd7 46. b7 a3 47. Ra6 a2 48. Nxa2 1-0

[Event "45th Olympiad Budapest 2024"]
[Site "Budapest"]
[Date "2024.09.19"]
[Round "8"]
[Board "4"]
[White "Olsen, Filip Boe"]
[Black "Santos Latasa, Jaime"]
[Result "0-1"]
[WhiteElo "2441"]
[BlackElo "2624"]
[PlyCount "208"]
[EventDate "2024.09.11"]
[EventType "team-tourn"]
[EventRounds "11"]
[EventCountry "HUN"]
[WhiteTeam "Denmark"]
[BlackTeam "Spain"]
[WhiteTeamCountry "DEN"]
[BlackTeamCountry "ESP"]

1. d4 e6 2. c4 Nf6 3. Nf3 d5 4. g3 Bb4+ 5. Bd2 Be7 6. Bg2 O-O 7. O-O c6 8. Qc2 Nbd7 9. Bf4 h6 10. Rd1 a5 11. Nc3 dxc4 12. Nd2 Nb6 13. e4 a4 14. a3 Bd7 15. Nf3 c5 $146 ({RR} 15... Re8 16. Ne5 Qc8 17. Bh3 Rd8 18. Qe2 Ra5 19. Rac1 Qa8 20. Nxc4 Nxc4 21. Qxc4 e5 22. Bxd7 Nxd7 23. Bxe5 Nxe5 24. dxe5 Rxe5 25. Rxd8+ Bxd8 26. Nxa4 Qc8 27. Nc5 Rh5 28. Qf1 Bb6 29. Nd3 Qg4 30. Nf4 {1-0 Chandra,A (2469)-Moradiabadi,E (2524) St Louis Summer B 2023 (2.1)}) ({RR} 15... Qc8 16. Ne5 Re8 17. Rac1 Bf8 18. Na2 c5 19. Nxc4 Nxc4 20. Qxc4 b6 21. dxc5 e5 22. Qd3 Bg4 23. cxb6 Qe6 24. f3 exf4 25. fxg4 fxg3 26. Qxg3 Nxg4 27. Kh1 Rab8 28. Nc3 Rxb6 29. Bh3 h5 30. Bxg4 {0-1 Batchuluun,T (2449)-Tabatabaei,M (2685) Asian Games Men Team 2023 (7.2)}) 16. d5 exd5 17. exd5 Re8 18. Ne5 Bf8 19. h4 Qc8 20. Nxd7 Qxd7 21. d6 Nc8 22. Nd5 Nxd5 23. Rxd5 Nxd6 24. Rad1 Ra6 25. Qd2 Rd8 26. Bf3 Qb5 27. Kg2 Rb6 28. Be5 f6 29. Bc3 Re8 30. Qf4 Re6 31. g4 Qe8 32. R5d2 Kh8 33. Bd5 Re7 34. Bf3 Re6 35. Kf1 Ra6 36. g5 fxg5 37. hxg5 hxg5 38. Qh2+ Kg8 39. Bd5 Nf7 40. Bxe6 Rxe6 41. Qc7 b5 42. Qb7 Re4 43. Qd7 b4 44. Qxe8 Rxe8 45. axb4 cxb4 46. Bd4 Nd6 47. Ra1 Ra8 48. Re2 Nb5 49. Be5 a3 50. bxa3 c3 51. a4 b3 52. Bxc3 Nxc3 53. Rb2 Rxa4 54. Rxa4 Nxa4 55. Rxb3 Nc5 56. Re3 Bd6 57. Kg2 Kf7 58. Kf3 Nd7 59. Rb3 Nf6 60. Rb5 Kg6 61. Rb7 g4+ 62. Kg2 Be5 63. Ra7 Nh5 64. Ra4 Kf5 65. Ra5 Nf4+ 66. Kg3 Ng6+ 67. Kg2 Nh4+ 68. Kf1 Ke4 69. Ra4+ Bd4 70. Rb4 Ng6 71. Kg2 Nf4+ 72. Kg3 Nd3 73. Ra4 Nxf2 74. Ra5 Be3 75. Rb5 Nd3 76. Kxg4 Ne5+ 77. Kh5 Kf5 78. Ra5 Bf4 79. Rb5 Bg3 80. Ra5 g6+ 81. Kh6 Bf4+ 82. Kg7 g5 83. Kh6 g4+ 84. Kh5 g3 85. Ra2 Nf3 86. Re2 Be5 87. Rg2 Kf4 88. Re2 Bd4 89. Rg2 Bf2 90. Rxg3 Bxg3 91. Kg6 Ke5 92. Kf7 Bh4 93. Ke8 Ke6 94. Kf8 Ne5 95. Ke8 Bf6 96. Kf8 Nc4 97. Ke8 Nd6+ 98. Kf8 Kf5 99. Kg8 Kg6 100. Kf8 Bg5 101. Kg8 Bh6 102. Kh8 Ne4 103. Kg8 Nf6+ 104. Kh8 Bg7# 0-1

[Event "45th Olympiad Budapest 2024"]
[Site "Budapest"]
[Date "2024.09.19"]
[Round "8"]
[Board "1"]
[White "Peralta, Fernando"]
[Black "Ivanchuk, Vasyl"]
[Result "0-1"]
[WhiteElo "2558"]
[BlackElo "2635"]
[PlyCount "114"]
[EventDate "2024.09.11"]
[EventType "team-tourn"]
[EventRounds "11"]
[EventCountry "HUN"]
[WhiteTeam "Argentina"]
[BlackTeam "Ukraine"]
[WhiteTeamCountry "ARG"]
[BlackTeamCountry "UKR"]

1. d4 d5 2. c4 c6 3. Nf3 Nf6 4. Nc3 dxc4 5. a4 Bf5 6. e3 e6 7. Bxc4 Bb4 8. O-O O-O 9. Nh4 Nbd7 10. h3 Qe7 11. Nxf5 exf5 12. Qf3 g6 13. g4 fxg4 14. hxg4 Rae8 15. a5 $146 ({RR} 15. Rd1 h5 16. gxh5 Nxh5 17. Qg4 Kg7 18. Ne2 Nhf6 19. Qg2 Rh8 20. Ng3 Ng4 21. Qf3 Ndf6 22. e4 Nh2 23. Qg2 Nhg4 24. Qf3 Nh2 25. Qg2 Nhg4 {½-½ Nilssen,E (1819)-Van den Boogaart,J (2024) Politiken Cup 37th 2015 (5)}) ({RR} 15. Kg2 Kg7 16. Rh1 h5 17. gxh5 Nxh5 18. Bd2 f5 19. Rag1 Ndf6 20. Kf1 Bxc3 21. Bxc3 Qe4 22. Qxe4 Nxe4 23. Bb4 Rh8 24. Rh3 b6 25. f3 Nef6 26. Kf2 f4 27. e4 Ng3 28. Rhxg3 fxg3+ 29. Kxg3 Rh5 {1-0 Garriga Cazorla,P (2472)-Sargsyan,A (2380) Titled Tuesday intern op 01st Mar Early blitz 2022 (10)}) 15... Qd8 16. Kg2 Bxc3 17. bxc3 Re4 18. Rg1 Rxg4+ 19. Kf1 Rxg1+ 20. Kxg1 Re8 21. Bb2 Re4 22. Bf1 Rg4+ 23. Bg2 h5 24. Qe2 h4 25. Kh1 Ne4 26. Bxe4 Rxe4 27. c4 Nf6 28. Rg1 Re6 29. Bc3 Ne4 30. Be1 Qf6 31. Rg4 Qf5 32. Rxh4 Ng5 33. Kg2 Re4 34. Rxe4 Qh3+ 35. Kg1 Nf3+ 36. Qxf3 Qxf3 37. Re8+ Kg7 38. Bb4 g5 39. Re7 Qg4+ 40. Kf1 Qd1+ 41. Kg2 Qb1 42. Bd6 Qb3 43. Bc5 b6 44. Rb7 Qxc4 45. axb6 axb6 46. Rxb6 f6 47. e4 Qe2 48. Rb7+ Kg6 49. Re7 g4 50. Re8 Qf3+ 51. Kg1 Kg5 52. Rg8+ Kf4 53. Re8 Qb3 54. Rf8 Qe6 55. d5 Qe5 56. Be3+ Kf3 57. dxc6 Qa1+ 0-1

[Event "45th Olympiad Budapest 2024"]
[Site "Budapest"]
[Date "2024.09.19"]
[Round "8"]
[Board "2"]
[White "Ponomariov, Ruslan"]
[Black "Krysa, Leandro"]
[Result "1/2-1/2"]
[WhiteElo "2654"]
[BlackElo "2495"]
[PlyCount "69"]
[EventDate "2024.09.11"]
[EventType "team-tourn"]
[EventRounds "11"]
[EventCountry "HUN"]
[WhiteTeam "Ukraine"]
[BlackTeam "Argentina"]
[WhiteTeamCountry "UKR"]
[BlackTeamCountry "ARG"]

1. e4 e5 2. Nf3 Nc6 3. Bb5 a6 4. Ba4 Nf6 5. d3 d6 6. c4 Be7 7. h3 O-O 8. O-O Nd7 9. Be3 Bf6 10. Nc3 Nd4 11. b4 c6 12. Bxd4 exd4 13. Ne2 b5 14. Bb3 c5 $146 ({RR} 14... Qb6 15. Rb1 g6 16. Qc1 Bg7 17. a4 Ne5 18. Nxe5 dxe5 19. f4 Bh6 20. Qe1 exf4 21. Qh4 Kg7 22. Nxf4 Qd8 23. Qf2 bxc4 24. Bxc4 Qd6 25. Qg3 Kg8 26. Rf3 Ra7 27. Rbf1 Bg7 28. h4 Qe5 29. Qh2 {½-½ Delgado Ramirez,N (2604)-Bachmann,A (2628) PAR-ch Asuncion 2014 (4)}) 15. cxb5 axb5 16. Rc1 Ba6 17. bxc5 dxc5 18. a4 bxa4 19. Bxa4 Bxd3 20. Bxd7 Bxe2 21. Qxe2 Qxd7 22. Rxc5 d3 23. Qe3 Qa7 24. Rd1 Rfd8 25. e5 Be7 26. Rc3 Qxe3 27. fxe3 Ra3 28. Rxa3 Bxa3 29. Nd4 Rd5 30. e6 fxe6 31. Nxe6 Re5 32. Rxd3 Bc1 33. Nd4 Bxe3+ 34. Kf1 Bxd4 35. Rxd4 1/2-1/2

[Event "45th Olympiad Budapest 2024"]
[Site "Budapest"]
[Date "2024.09.19"]
[Round "8"]
[Board "3"]
[White "Flores, Diego"]
[Black "Korobov, Anton"]
[Result "1/2-1/2"]
[WhiteElo "2546"]
[BlackElo "2650"]
[PlyCount "69"]
[EventDate "2024.09.11"]
[EventType "team-tourn"]
[EventRounds "11"]
[EventCountry "HUN"]
[WhiteTeam "Argentina"]
[BlackTeam "Ukraine"]
[WhiteTeamCountry "ARG"]
[BlackTeamCountry "UKR"]

1. Nf3 d5 2. c4 d4 3. e3 Nc6 4. exd4 Nxd4 5. Be2 Nh6 6. Nxd4 Qxd4 7. d3 ({RR} 7. Nc3 Nf5 8. O-O g6 9. b3 Bg7 10. Bb2 O-O 11. Nb5 Qxb2 {0-1 Lopez Abreu,M (2038)-Yurtseven,M (2337) Titled Tue 10th Sep Late 2024 (2)}) 7... Nf5 8. O-O $146 ({RR} 8. Nd2 g6 9. Nf3 Qd6 10. Bd2 Bg7 11. Bc3 Nd4 12. Nxd4 Bxd4 13. Qb3 O-O 14. O-O b6 15. Bf3 Rb8 16. Rfe1 e6 17. Rad1 Rd8 18. Re4 Bxc3 19. bxc3 c5 20. d4 Bb7 21. d5 e5 22. Rde1 Re8 {0-1 Neumeier,L (2284)-Smith,A (2415) Oberliga Nord O 0910 2009 (8.1)}) ({RR} 8. Na3 e5 9. Nc2 Qd8 10. O-O Be7 11. a3 a5 12. b4 axb4 13. axb4 Rxa1 14. Nxa1 O-O 15. Nc2 Bf6 16. Bb2 c6 17. Re1 Nd4 18. Nxd4 exd4 19. Bg4 Qb6 20. Bxc8 Rxc8 21. Qg4 Rd8 22. Ba3 h6 {0-1 Neisen,F (1639)-Weiler,D (2155) Rheinland Pfalz op 4th 2012 (1)}) ({RR} 8. Nd2 Qd8 9. Nf3 g6 10. Qc2 Bg7 11. Bd2 O-O 12. Bc3 c5 13. Bxg7 Kxg7 14. O-O b6 15. b4 Kg8 16. bxc5 bxc5 17. Rab1 Qd6 18. Qa4 Bd7 19. Qa5 Bc6 20. Rfe1 Rfd8 21. h3 Rab8 22. Nd2 Nd4 {½-½ Ivanov,B (2338)-Danov,L (2178) Sofia-ch U26 2013 (6)}) 8... Qd8 9. Bd2 g6 10. Bc3 Nd4 11. Nd2 Bg7 12. Nb3 O-O 13. Nxd4 Bxd4 14. Bf3 c6 15. Re1 e5 16. Qb3 Re8 17. Bxd4 Qxd4 18. Re3 f6 19. Rae1 Re7 20. Qa3 Rf7 21. Qc3 Qxc3 22. bxc3 Be6 23. Be2 Re7 24. Bd1 Rd8 25. f4 Red7 26. Be2 Bf5 27. fxe5 fxe5 28. Rd1 h5 29. h3 h4 30. Rxe5 Bxd3 31. Bg4 Bf5 32. Rxd7 Bxd7 33. Re7 Bxg4 34. hxg4 Rd3 35. Rxb7 1/2-1/2

[Event "45th Olympiad Budapest 2024"]
[Site "Budapest"]
[Date "2024.09.19"]
[Round "8"]
[Board "1"]
[White "Navara, David"]
[Black "Schitco, Ivan"]
[Result "1-0"]
[WhiteElo "2681"]
[BlackElo "2527"]
[PlyCount "103"]
[EventDate "2024.09.11"]
[EventType "team-tourn"]
[EventRounds "11"]
[EventCountry "HUN"]
[WhiteTeam "Czech Republic"]
[BlackTeam "Moldova"]
[WhiteTeamCountry "CZE"]
[BlackTeamCountry "MDA"]

1. e4 e5 2. Nf3 Nc6 3. Bb5 Nf6 4. d3 Bc5 5. Ba4 O-O 6. O-O d5 7. exd5 Qxd5 8. Nc3 Qd6 9. Bxc6 bxc6 10. Re1 $146 ({RR} 10. h3 Bb6 11. Re1 Re8 12. Be3 Bf5 13. Nd2 Nd7 14. Qf3 Bg6 15. Nc4 Qe6 16. a4 a5 17. b3 f6 18. Rad1 Rab8 19. Ne4 Nf8 20. Nc5 Qd5 21. Ne4 Ne6 22. Qg3 Kh8 23. Nc3 Qd7 24. Ne4 Qd5 {½-½ Svidler,P (2737)-Nakamura,H (2746) Wch Blitz St Petersburg 2018 (20)}) 10... Re8 11. Bg5 Bb6 12. Bxf6 Qxf6 13. d4 Bg4 14. dxe5 Qf5 15. Qd3 Qxd3 16. cxd3 Rad8 17. Rad1 f6 18. exf6 Rxe1+ 19. Rxe1 gxf6 20. Rd1 Bd4 21. Rd2 Bxf3 22. gxf3 Rb8 23. Na4 Rb5 24. Rc2 Rg5+ 25. Kf1 Rf5 26. Kg2 Rg5+ 27. Kh1 Rf5 28. Rc4 c5 29. b4 Rxf3 30. Nxc5 Bxf2 31. Kg2 Rf5 32. Ne4 Bb6 33. a4 a5 34. bxa5 Bxa5 35. Rc5 Rxc5 36. Nxc5 Kf7 37. Kf3 Bb6 38. d4 Ke7 39. Ke4 Kd6 40. Nb3 Ba7 41. h4 h5 42. a5 Kc6 43. Kf5 Kb5 44. Kg6 Kc4 45. Nd2+ Kxd4 46. Kxh5 Kd5 47. Kg6 Be3 48. a6 Kc6 49. Nc4 Bd4 50. h5 f5 51. Kxf5 Kb5 52. Ne5 1-0

[Event "45th Olympiad Budapest 2024"]
[Site "Budapest"]
[Date "2024.09.19"]
[Round "8"]
[Board "2"]
[White "Macovei, Andrei"]
[Black "Nguyen, Thai Dai Van"]
[Result "0-1"]
[WhiteElo "2464"]
[BlackElo "2647"]
[PlyCount "80"]
[EventDate "2024.09.11"]
[EventType "team-tourn"]
[EventRounds "11"]
[EventCountry "HUN"]
[WhiteTeam "Moldova"]
[BlackTeam "Czech Republic"]
[WhiteTeamCountry "MDA"]
[BlackTeamCountry "CZE"]

1. e4 e5 2. Nf3 Nc6 3. Bc4 Bc5 4. c3 Nf6 5. d3 d6 6. O-O a6 7. a4 Ba7 8. Re1 O-O 9. h3 h6 10. Nbd2 Re8 11. b4 Be6 12. Bxe6 Rxe6 13. Nf1 d5 14. Qc2 Ne7 15. Be3 ({RR} 15. Ng3 dxe4 16. dxe4 Qe8 17. c4 Nc6 18. Rb1 a5 19. bxa5 Nxa5 20. Rb5 Nc6 21. Nf5 Nd7 22. Ba3 Bb6 23. Rd1 Ra7 24. c5 Ba5 25. Ne3 b6 26. cxb6 Bxb6 27. Nd5 Nf6 28. Bb2 Qa8 29. Nxb6 cxb6 {0-1 Caruana,F (2793)-Dominguez Perez,L (2748) Saint Louis Rapid 2024 (2.2)}) 15... Bxe3 16. Nxe3 b6 $146 ({RR} 16... Ng6 17. Rad1 Qd7 18. d4 exd4 19. exd5 Nxd5 20. Rxd4 Nxe3 21. Rxe3 Qe7 22. Rde4 Rxe4 23. Qxe4 Qxe4 24. Rxe4 Kf8 25. Kf1 Re8 26. Nd2 Rxe4 27. Nxe4 b6 28. g3 Ke7 29. Ke2 f5 30. Nd2 Ke6 31. Nb3 {½-½ Socko,B (2619)-Nasuta,G (2518) Suwalki Warakomska Memorial 5th 2021 (9)}) 17. c4 d4 18. Nd5 Ng6 19. a5 bxa5 20. bxa5 c6 21. Nb6 Rb8 22. g3 Qe7 23. Kh2 Rf8 24. c5 Ne8 25. Qc4 Nc7 26. Rf1 Kh7 27. Rae1 f5 28. exf5 Rxf5 29. Nd2 Rh5 30. Ne4 Nf4 31. Rh1 Rxh3+ 32. Kg1 Rxh1+ 33. Kxh1 Rg6 34. Qb3 Ncd5 35. Qd1 Qe6 36. Qf3 Qh3+ 37. Kg1 Rg4 38. Nd2 Rg5 39. Nbc4 Rh5 40. Nf1 Nc3 0-1

[Event "45th Olympiad Budapest 2024"]
[Site "Budapest"]
[Date "2024.09.19"]
[Round "8"]
[Board "3"]
[White "Zilka, Stepan"]
[Black "Lashkin, Jegor"]
[Result "0-1"]
[WhiteElo "2574"]
[BlackElo "2472"]
[PlyCount "59"]
[EventDate "2024.09.11"]
[EventType "team-tourn"]
[EventRounds "11"]
[EventCountry "HUN"]
[WhiteTeam "Czech Republic"]
[BlackTeam "Moldova"]
[WhiteTeamCountry "CZE"]
[BlackTeamCountry "MDA"]

1. e4 c5 2. Nf3 d6 3. d4 cxd4 4. Nxd4 Nf6 5. Nc3 a6 6. Be3 e5 7. Nb3 Be6 8. f3 h5 9. Qd2 Nbd7 10. Nd5 Bxd5 11. exd5 g6 12. Be2 Bg7 13. O-O b6 14. c4 O-O 15. Kh1 ({RR} 15. Nc1 Qc7 16. Rb1 Rfb8 17. a4 Nc5 18. b3 Nh7 19. Na2 e4 20. f4 f5 21. Nb4 a5 22. Nc6 Rb7 23. Bd1 Qf7 24. Bc2 Bf6 25. b4 axb4 26. Qxb4 Qg7 27. Qb5 Bc3 28. Rfd1 Nf6 29. h3 Nfd7 {0-1 Bochnicka,V (2390)-Sahidi,S (2465) ch-SVK 2024 Bratislava SVK (1.2)}) 15... a5 ({RR} 15... Re8 16. a4 a5 17. Rae1 Nc5 18. Nxc5 bxc5 19. Bd1 Nh7 20. f4 exf4 21. Bxf4 Qc7 22. b3 Nf6 23. h3 Nd7 24. g4 hxg4 25. hxg4 Ne5 26. Kg2 Qd7 27. Kg3 Re7 28. Rh1 Rae8 29. Qh2 f5 30. Qh7+ {0-1 Bilych,O (2365)-Lashkin,J (2399) Titled Tuesday intern op 21st Jun Late blitz 2022 (8)}) 16. Rae1 Re8 17. Na1 Nc5 $146 ({RR} 17... e4 18. Nc2 exf3 19. gxf3 Nc5 20. Nd4 Nfd7 21. Nc6 Qh4 22. Bxc5 Nxc5 23. b3 Kh7 24. Kg1 Bh6 25. f4 Re4 26. Bd1 Rae8 27. Rxe4 Rxe4 28. Bc2 Bxf4 29. Qf2 Be3 {0-1 Kirillov,A (2059)-Trofimov,P (2227) EU-ch Hybrid U16 2021 (6)}) ({RR} 17... e4 18. Nb3 exf3 19. gxf3 Nh7 20. Nd4 Qh4 21. Bf2 Qh3 22. Rg1 Nc5 23. Nb5 Re7 24. Bg3 Be5 25. Nxd6 Qd7 26. Ne4 Nxe4 27. fxe4 Nf6 28. Bxe5 Rxe5 29. Qf4 Qe7 30. Bd3 Re8 31. Rgf1 Kg7 32. Qf2 {1-0 Khanin,S (2482)-Supi,L (2572) Titled Tuesday intern op 21st July blitz 2020 (7)}) 18. Nc2 h4 19. Bg5 h3 20. g4 Qd7 21. Bd1 e4 22. Nd4 exf3 23. Bxf6 Bxf6 24. Bxf3 Rxe1 25. Rxe1 Re8 26. Rf1 Bxd4 27. Qxd4 Qe7 28. Kg1 Qg5 29. Rf2 Ne4 30. Rc2 0-1

[Event "45th Olympiad Budapest 2024"]
[Site "Budapest"]
[Date "2024.09.19"]
[Round "8"]
[Board "4"]
[White "Bologan, Victor"]
[Black "Vykouk, Jan"]
[Result "1-0"]
[WhiteElo "2598"]
[BlackElo "2483"]
[PlyCount "95"]
[EventDate "2024.09.11"]
[EventType "team-tourn"]
[EventRounds "11"]
[EventCountry "HUN"]
[WhiteTeam "Moldova"]
[BlackTeam "Czech Republic"]
[WhiteTeamCountry "MDA"]
[BlackTeamCountry "CZE"]

1. e4 c5 2. Nf3 d6 3. d4 cxd4 4. Nxd4 Nf6 5. Nc3 Nc6 6. f3 g6 ({RR} 6... Qb6 7. Be3 e5 8. Nf5 Qxb2 9. Nb5 Bxf5 10. exf5 Rc8 11. Rb1 Qxa2 12. Ra1 Qb2 13. Rb1 Qa2 14. Ra1 Qb2 {½-½ Ivanchuk,V (2752)-Kozul,Z (2585) EU-chT (Men) 15th 2005 (9.1)}) 7. Be3 h5 8. Bc4 Bd7 9. Qd2 $146 ({RR} 9. Bb3 Bg7 10. Qd2 Na5 11. O-O-O Rc8 12. Kb1 Nc4 13. Bxc4 Rxc4 14. Rhe1 O-O 15. h3 Qb8 16. g4 Rfc8 17. Nd5 Nxd5 18. exd5 h4 19. Qf2 b5 20. Qxh4 Bf6 21. Qf2 Qb7 22. Nb3 Qa6 23. Bd4 Rxd4 {1-0 Ravic,N (2210)-Teo,H (1939) Serbia Open 2023 (2.51)}) ({RR} 9. Qe2 Bg7 10. O-O-O Na5 11. Bd3 Rc8 12. Kb1 a6 13. Nd5 e5 14. Nf5 Bxf5 15. Bb6 Qd7 16. Nxf6+ Bxf6 17. exf5 Nc6 18. fxg6 Ne7 19. gxf7+ Kxf7 20. Bc4+ Kg7 21. Bb3 Qc6 22. Qf2 d5 23. Ba5 d4 {1-0 Milov,L (2415)-Herbrig,A (2249) GRENKE Chess Open 2024 (9.53)}) 9... Nxd4 10. Bxd4 Bh6 11. Qf2 O-O 12. O-O Qa5 13. Rad1 Be6 14. Bb3 Bg7 15. h3 b5 16. Rfe1 Nd7 17. f4 b4 18. Bxg7 Kxg7 19. Nd5 Bxd5 20. Rxd5 Qb6 21. e5 Qxf2+ 22. Kxf2 a5 23. exd6 e6 24. Rd4 Rfc8 25. a4 Nc5 26. Rc4 Nd7 27. Rd1 Kf8 28. g4 hxg4 29. hxg4 Nb6 30. Rxc8+ Rxc8 31. d7 Rd8 32. Rd6 Nxd7 33. Ke3 Ke7 34. Ra6 Nf6 35. g5 Ng4+ 36. Kf3 Nh2+ 37. Ke2 Rd4 38. Ke3 Rd1 39. Rxa5 Re1+ 40. Kf2 Rd1 41. Ra7+ Ke8 42. Ke2 Ra1 43. a5 Nf1 44. a6 Ng3+ 45. Kd3 Nh5 46. Ke3 Re1+ 47. Kd4 Ra1 48. Bc4 1-0

[Event "45th Olympiad Budapest 2024"]
[Site "Budapest"]
[Date "2024.09.19"]
[Round "8"]
[Board "1"]
[White "Albornoz Cabrera, Carlos Daniel"]
[Black "Rodshtein, Maxim"]
[Result "1/2-1/2"]
[WhiteElo "2579"]
[BlackElo "2600"]
[PlyCount "61"]
[EventDate "2024.09.11"]
[EventType "team-tourn"]
[EventRounds "11"]
[EventCountry "HUN"]
[WhiteTeam "Cuba"]
[BlackTeam "Israel"]
[WhiteTeamCountry "CUB"]
[BlackTeamCountry "ISR"]

1. e4 {ChessBase Marin,Mihail} c5 2. Nf3 d6 3. d4 cxd4 4. Nxd4 Nf6 5. Nc3 a6 6. Bg5 Nbd7 7. Bc4 Qb6 ({RR} 7... Qa5 8. Qd2 e6 9. O-O-O b5 10. Bb3 Bb7 11. Rhe1) 8. Bb3 ({RR} 8. Qd2 Qxb2 9. Rb1 Qa3 10. O-O e6 ({RR} 10... Qc5 11. Bd5 Nxd5 12. Nxd5 f6 13. Ne6 Qc4 14. Rb4 Qxa2 15. Nec7+ Kf7 16. Nxa8) 11. Bxe6 fxe6 12. Nxe6 Qa5 13. f4 Kf7 14. e5 Kxe6 15. Rbe1 Kf7 16. Kh1 Nb6 ({RR} 16... h6 17. Bh4 Nb6 18. exf6 g6 19. Qe3 Bd7 20. f5 g5 21. Bf2 g4 22. Qg3 Rc8 23. Bxb6 Qxc3 24. Qxg4 Qxf6 25. Bd4 Qg5 26. Qe4 Be7 27. Bxh8 Rxh8 28. Qd5+ Kg7 29. Rxe7+) 17. exf6 gxf6 18. Bxf6 Rg8 19. Bd4 Na4 20. Qe2 Bd7 21. f5 Rxg2 22. Kxg2 Nxc3) 8... e6 9. Qd2 Be7 10. O-O-O Nc5 11. f3 ({RR} 11. Rhe1 Qc7 12. f4 ({RR} 12. Kb1 h6 13. Bh4 b5 14. Bd5 Bb7 15. Bxb7 Qxb7 16. Bxf6 gxf6 17. Qe3) 12... b5 13. e5) ({RR} 11. Rhe1 Qc7 12. f4 h6) 11... Qc7 12. g4 b5 13. a3 Rb8 14. Kb1 O-O ({RR} 14... Bd7 15. Rhe1 O-O 16. Bf4 e5 17. g5 Nh5 18. Nd5 Qd8 19. Nf5 Bxf5 20. exf5 Nxf4 21. Nxe7+ Qxe7 22. Qxf4 Nxb3 23. cxb3 f6 24. g6 hxg6 25. fxg6 f5 26. Qg3 Qe6 27. Rg1 Rf6 28. f4 exf4 29. Qg5 {1-0 Albornoz Cabrera,C (2604)-Sokolovsky,Y (2490) III Menorca Open 2024 (9.11)}) 15. h4 ({RR} 15. Be3 Nfd7 16. h4 Nb6 17. h5 Nca4 18. Nxa4 bxa4 19. Ba2 Nc4 20. Bxc4 Qxc4 21. Ka1 Bd7 22. Rh2 Rb7 23. Qd3 Rc8 24. Bc1 h6 25. Rg2 Rbc7 26. Be3 Qxd3 27. cxd3 Bf6 28. Kb1 Bxd4 29. Bxd4 e5 {½-½ Karthik,V (2606)-Malek,J (2461) Dubai Police Open A 2024 (4.18)}) 15... b4 $146 ({RR} 15... Bd7 16. Bxf6 ({RR} 16. Nde2 a5 17. Bxf6 Bxf6 18. Qxd6 Rfc8 ({RR} 18... Qxd6 19. Rxd6 Rfd8 20. g5 Be7 21. Rdd1 b4 22. axb4 axb4 23. Na2 Nxb3 24. cxb3 e5) 19. f4 Qb7 ({RR} 19... Qxd6 20. Rxd6 Be7 21. Rdd1 b4 22. axb4 axb4 23. Na2 Bc6) 20. e5) 16... Bxf6 17. g5 Be7 ({RR} 17... Bd8 18. h5 a5 19. g6 Nxb3 20. Nxb3 fxg6 21. hxg6 h6 22. Nxa5 ({RR} 22. Rxh6 gxh6 23. Qxh6 Bc8) 22... Rxf3) 18. h5 a5 19. g6 Bf6 ({RR} 19... Bf6 20. h6 hxg6 21. Qh2 Rfc8 22. Nf5) 20. h6 hxg6 21. Qh2 Rfe8 22. Nf5 exf5 23. hxg7 Bxg7 24. Qh7+ Kf8 25. Bxf7 Kxf7 26. Rdg1 Be6 27. Rxg6 Kf8 28. Rhg1 Rb7 29. exf5 Na4 30. f6 {1-0 Salem,A (2567)-Zhou,J (2587) Asia Cities-ch 18th 2013 (9.1)}) ({RR} 15... Bd7 16. Bxf6 Bxf6 17. g5 Bd8 18. h5 a5 19. g6 Nxb3 20. Nxb3 fxg6 21. hxg6 h6 22. Nxa5 Rxf3 23. e5 Be8 24. exd6 Qxa5 25. Rxh6 gxh6 26. Qxh6 Bf6 27. d7 Bxc3 28. dxe8=Q+ Rxe8 29. Qh1 Re7 30. Qxf3 {½-½ Shirov,A (2723)-Dominguez Perez,L (2712) Corus Wijk aan Zee 2010 (13)} {RR} Bg7 31. b4) ({RR} 15... Bd7 16. Bxf6 Bxf6 17. g5 Be7 18. h5 a5 19. g6 Nxb3 20. cxb3 h6 ({RR} 20... fxg6 21. hxg6 hxg6 ({RR} 21... h6 22. Rxh6 gxh6 23. Qxh6) 22. Qg2 Rf6 23. e5 dxe5 24. Ne4) ({RR} 20... b4 21. h6 fxg6 ({RR} 21... hxg6 22. hxg7 Kxg7 23. Qh6+ Kf6 24. e5+ dxe5 25. Ne4#) ({RR} 21... gxh6 22. Qxh6 Rfe8 23. Qxh7+ Kf8 24. Qxf7#) ({RR} 21... bxc3 22. gxh7+ Kh8 23. hxg7+ Kxg7 24. h8=Q+ Rxh8 25. Rdg1+ Kf6 26. Qg5#) 22. hxg7 Rf7 23. Rxh7 Rxg7 ({RR} 23... Kxh7 24. Rh1+) 24. Rxg7+ Kxg7) 21. Nce2 d5 22. exd5 exd5 23. Rhg1 fxg6 ({RR} 23... Bg5 24. Rxg5 ({RR} 24. f4 Bf6 25. f5 Rbe8 26. gxf7+ Rxf7 27. Ne6 ({RR} 27. Qxh6 Bxf5+ 28. Nxf5 Rxe2) 27... Bxe6 28. fxe6 Rxe6 29. Nf4) 24... hxg5 25. Qxg5 Rbe8 ({RR} 25... Qd8 26. Qxd5 Be6 27. Qe5) 26. h6 Qe5 27. gxf7+ Rxf7) ({RR} 23... Bf6 24. gxf7+ Rxf7 25. Qxh6) 24. Rxg6 Qe5 ({RR} 24... Bg5 25. f4 Bf6 26. Rdg1 Kh8 27. f5) 25. Qxh6 Bf6 26. Ka1 Rbc8 27. Qd2 Qxh5 28. Rgg1 Rfe8 29. Nf4 ({RR} 29. Ng3 Qe5 ({RR} 29... Qf7 30. Ngf5) 30. f4 Qe3 31. Nh5 Bxd4 32. Qxe3 Rxe3 33. Rxd4 Bg4 34. Nxg7 ({RR} 34. Rxg4 Rc1+ 35. Ka2 Ree1 36. Rxg7+ Kf8 37. b4 a4 38. b3 Rc2#) 34... Kxg7 35. Rxg4+ Kf6 36. Rg1) ({RR} 29. Qxa5) 29... Qe5 30. Ng6 {½-½ Sebag,M (2480)-Paehtz,E (2464) Olympiad Women-41 2014 (5.1)}) ({RR} 15... Bd7 16. h5 a5 17. h6 g6 18. Nf5 exf5 19. Nd5 Nxd5 20. Bxe7 Nxb3 21. Qxd5 Be6 22. Bxd6 Qc8 23. Qe5 f6 24. Qc3 Qxc3 25. bxc3 fxe4 26. Bxb8 Rxb8 27. cxb3 exf3 28. Rd4 Bxb3 29. Rf1 Kf7 30. Rxf3 {1-0 Escobar Forero,A (2476)-Panesso Rivera,H (2424) COL-ch pre olympic 2018 (5)}) 16. axb4 Rxb4 17. Bxf6 Bxf6 18. Nd5 exd5 19. Qxb4 dxe4 20. g5 Be5 21. fxe4 Bg4 22. Bd5 Bxd1 23. Rxd1 Rb8 24. Qa3 Qd7 25. Ka2 Ne6 26. Bxe6 fxe6 27. Qxa6 Qe8 28. Qc4 Rc8 29. Qb3 Rb8 30. Qc4 Rc8 31. Qb3 1/2-1/2